América a fines del siglo XVII: noticia de los lugares de contrabando

Guardat en:
Dades bibliogràfiques
Autor principal: Robles, Gregorio de (Autor)
Format: Llibre
Idioma:espanyol
Publicat: Valladolid Seminario Americanista de la Universidad de Valladolid 1980
Matèries:
Etiquetes: Afegir etiqueta
Sense etiquetes, Sigues el primer a etiquetar aquest registre!

MARC

LEADER 00000nam a2200000 a 4500
001 UCY3116
003 CL-VaPUC
008 941213e19800000SP |||||||||||||||||spa|d
082 0 4 |a 910.4  |b ROB  |2 21 
100 0 |a Robles, Gregorio de  |e author  |9 331326 
245 1 0 |a América a fines del siglo XVII: noticia de los lugares de contrabando 
300 |a 102 p 
942 |c BK 
945 |d 19941213 00:00:00  |a mfernand 
260 |a Valladolid  |b Seminario Americanista de la Universidad de Valladolid  |c 1980 
650 0 |a Relatos personales  |9 255122 
583 |a last modification  |c 19941213 00:00:00  |k Rodrigo Vera 
999 |c 231345  |d 231343 
952 |0 0  |1 0  |4 0  |6 910_400000000000000_ROB_1980  |7 0  |8 DER_HDC  |9 234517  |a BIBDER  |b BIBDER  |d 2019-11-15  |i 3042901  |o 910.4 ROB 1980  |p 3042901  |r 2023-01-25  |w 2019-11-15  |x Ubicación 4to Piso  |y BK  |z Estos recursos deben solicitarse con anticipación  |k DER 
952 |0 0  |1 0  |4 0  |6 910_400000000000000_ROB_1980  |7 0  |8 A  |9 234518  |a BIBHIS  |b BIBHIS  |d 2019-11-15  |i 1257978  |o 910.4 ROB 1980  |p 1257978  |r 2025-01-20  |w 2019-11-15  |y BK  |k HIS